000
00452nam a2200169Ia 4500
008
090124s9999 xx 000 0 und d
020
_a
81-7766-709-2
082
_b
44607
245
_a
व्हाईट मुघल्स
250
_a
1
260
_c
2006
300
_a
433
630
_a
व्हाईट मुघल्स
700
_a
नरवणे सुधा
730
_a
व्हाईट मुघल्स
942
_c
BOOK
999
_c
110829
_d
110829